000 01928cam a22004814i 4500
003 PE-LiUPU
005 20250731173003.0
008 s1995 xxk rb 00 0 eng d
020 _a080102210X
035 _a(Sirsi) i9780801022104
035 _a(Sirsi) 22627
035 _a(Sirsi) 22627
041 _aen
044 _aus
082 0 4 _a270.2092
_bK38
100 1 _aKelly, Davidson John Norman,
_eautor.
245 1 0 _aGolden mout :
_bthe story of John Chrysostom, ascetic, preacher, bishop /
_cJ.N.D. Kelly.
264 1 _aGrand Rapids, Michigan :
_bBaker Books,
_c1995
300 _a310 páginas ;
_c23 centímetros
504 _aIncluye bibliografía
505 0 _aThe early years -- The young ascetic -- Retreat to the mountains -- Deacon and pamphleteer -- Preacher's first year -- An anxious lent -- Decade of development -- Unexpected promotion -- Diplomat and rough reformer -- The bishop at work -- Crises in the capital -- Intervention in Asia -- Dispute with severian -- The affair of the long brothers -- Epiphaniosss to the rescue -- The oak -- Between to the exiles -- Final exile -- Last Journey.
526 _aSEG42
526 _aSEG41
526 _aSEG40
526 _aSEG39
526 _aP94
526 _aP87
526 _aP86
526 _aP85
526 _aP77
526 _aP76
526 _aP35
600 _aJuan Crisóstomo
_cSan
_dd. 407
650 1 4 _aCristianos santos
_zTurquía
_vBiografía.
650 1 4 _aHoly Christians
_zTurkey
_vBiography.
942 _2ddc
_cBOOK
949 _a270.2092 K38
_i45587
_lPOSTGRADO
_mBUL
_tLIBRO
_o.STAFF. Posgrado.
859 _q45587
_h270.2092
_iK38
910 _aaj-op
596 _a1
999 _a270.2092 K38
_wDEWEY
_c22455
_i45587
_f2021-11-11
_g5
_lCCODEBUL1
_mBUL
_p18.00
_r0
_sY
_tBOOK
_u2015-6-24
_xTEOLOGIA
_PP35
_0COMPRA
_o.STAFF. Colección Teologia
_d22455
980 _81
_gALBERTO SANCHEZ Responsable de Automatización